Welche Stadt mit J? - Statistiken

Allgemein
  • Dieses Quiz wurde 53 mal gespielt
  • Das Durchschnittsergebnis liegt bei 7 aus 18
Antwortstatistiken
Hinweis Antwort % Korrekt
„Heilige Stadt“ von mehreren Religionen Jerusalem
100%
Ist durch eine friesische Bierbrauerei bekannt Jever
85%
Größte Metropole Südafrikas Johannesburg
85%
Soll durch die neue Hauptstadt „Nusantara“ bald als Hauptstadtabgelöst werden Jakarta
67%
Heißt wie eine Bezeichnung für bestimmte grüne Mineralien, die in Chinaseit fast 1 Jahrzehntausend geschätzt und gehandelt wird Jade
54%
Ist nach dem 7. Präsidenten der USA benannt, welcher auch auf 20-DollarScheinen zu sehen ist Jackson
46%
Flächenmäßig größte Stadt der USA (exklusive Hawaii und Alaska) Jacksonville
46%
Große Stadt in Russland, in der die Europa-Asien-Säule steht Jekaterinburg
46%
Nachdem diese Stadt zur Hauptsadt eines neuen Staates gemacht wurde,kommt es hier immer wieder zu Bürgerkriegen und Konflikten Juba
40%
Ist zwar nur eine Gemeinde, aber heißt wie eine Ostfriesische Insel Juist
38%
Hauptstadt von Rajasthan Jaipur
29%
Hier fand die schwere Niederlage der 4. Koalition in der „Schlacht bei… und Auerstedt“ statt Jena
27%
Älteste Hauptstadt aller christlichen Länder Jerewan
17%
Liegt neben dem See „Vätern“ Jönköping
17%
Hier befindet sich der erste Exascale-Supercomputer (ein Rechencomputer)Europas, der „JUPITER“ heißt Jülich
15%
Ist für seine Olivenöl Produktion bekannt Jaén
10%
Bedeutet übersetzt soviel „Ost im Süden des Flusses Ji“, wobei derJi seit 1855 zum gelben Fluss gehört Jinan
10%
Die einzige Stadt Chinas, die wie ihre Provinz heißt Jilin
8%
Keine übereinstimmenden Quizze gefunden
Verteilung der Resultate
Anzahl Personen mit jedem Resultat
Perzentil nach korrekt beantworteten Fragen
Ihre Resultats-Entwicklung
Sie haben dieses Quiz noch nicht gespielt